Word Ladder: A Brief History of Pop Music Quiz Stats

Quiz Updated Dec 27, 2015

Also try: Word Ladder: Music
Challenge
Share
Tweet
Embed
Score 0/46 Timer 05:00
4 Plays Today
Hint 4-letter Word % Correct
Unwise, silly personFOOL
95.8%
Eating implementFORK
95.6%
Sports infractionFOUL
95.1%
♪ R & B/gospel-type music of Aretha Franklin, James Brown ♪SOUL
95%
Nutritious substanceFOOD
94.8%
Practice origamiFOLD
94.8%
♪ Urban revival music of Bob Dylan, Woody Guthrie ♪FOLK
93.9%
Black disk used in ice hockeyPUCK
93.4%
Speed competition between runnersRACE
92.5%
♪ Hard-edged music of The Sex Pistols, The Ramones ♪PUNK
90%
Can be left, right, or U in drivingTURN
88.7%
Honey makersBEES
87.9%
Public transportation paymentFARE
87.8%
Perceives with the eyesSEES
87%
♪ Term that encompasses most pop styles included here ♪ROCK
87%
Word on octagonal, red traffic sign (US)STOP
86.7%
Undergo rapid combustionBURN
86.4%
Situated or placed in frontFORE
86.4%
Capital city of SwitzerlandBERN
85.4%
Leak slowly through porous material SEEP
84.8%
Small indentation in the skinPOCK
84.8%
Storage frameworkRACK
84.2%
Certain, positively convincedSURE
83.8%
Hint 4-letter Word % Correct
♪ Rhythmic groove music of George Clinton, The Ohio Players ♪FUNK
83.6%
Just hunky-doryFINE
83%
Achy, in painSORE
82.8%
Feast for pigsSLOP
82.7%
♪ Electronic dance music of Digital Mystikz, Skrillex: Dub____STEP
81.2%
Pulled apart into piecesTORE
80.8%
Edible legume seedBEAN
80.1%
Sharp point or prongTINE
78.5%
Item for saleWARE
78.2%
Police informantFINK
77.2%
Mrs. Harry TrumanBESS
74.5%
♪ MTV-driven genre of Blondie, Talking Heads: New ____WAVE
72.7%
Soil bound by grass roots TURF
72.2%
♪ Acid house and techno genre of The Prodigy, Die Antwoord ♪RAVE
71.5%
♪ So-Cal pop music of Dick Dale & the Del-Tones, Jan & Dean ♪SURF
71.4%
♪ Late-1970s ska revival music of Jerry Dammers, The Specials: 2 ____TONE
70.9%
♪ 1960's blend of R&B, pop, and jazz of The Animals, The Hollies: British ____BEAT
67.7%
Original Beatles' drummer PeteBEST
66.5%
Soft, shapeless, semiliquid lump GLOP
52.4%
♪ Flamboyant, androgynous style of T. Rex, David Bowie ♪GLAM
49.3%
Grab hold ofGLOM
43.2%
♪ Hip Hop subgenre of The 2 Live Crew: Miami ____BASS
37%
Egyptian lioness goddess and daughter of RaBAST
34.8%

Today's Daily Dose

You're not logged in!

Compare scores with friends on all Sporcle quizzes.
Join for Free
OR
Log In

You Might Also Like...

Show Comments

Extras

Top Quizzes Today


Score Distribution

Your Account Isn't Verified!

In order to create a playlist on Sporcle, you need to verify the email address you used during registration. Go to your Sporcle Settings to finish the process.

Report this User

Report this user for behavior that violates our Community Guidelines.

Details: